| 000 | 00804nam a22002297a 4500 | ||
|---|---|---|---|
| 003 | 0 | ||
| 005 | 20250829115542.0 | ||
| 008 | 250120b xxu||||| |||| 00| 0 eng d | ||
| 020 | _a978-1-266-87349-2 | ||
| 050 |
_aP 90 _b.B37 2024 |
||
| 100 | _aBaran, Stanley | ||
| 245 |
_aIntroduction to mass communication media literacy and culture _cStanley Baran |
||
| 260 |
_aNew York _bMcGraw Hill LLC _c2024 |
||
| 300 |
_axxv, 414 pages : _bcolored illustrations and pictures ; _c27cm. |
||
| 504 | _aIncludes bibliographical references and index. | ||
| 650 | _aMass communication—Introduction | ||
| 650 | _aMedia literacy—Fundamentals. | ||
| 650 | _aMass media—Cultural aspects. | ||
| 650 | _aCommunication—Social impact. | ||
| 650 | _aDigital media—Influence on society. | ||
| 942 |
_2lcc _cBK |
||
| 999 |
_c367035 _d367035 |
||